00759cam a22002291 4500001001300000003000400013005001700017008004100034010001700075035001800092040001800110050001900128110003600147245013900183260004800322300001600370500001700386504002500403650004300428700004100471999001700512l 54000145 DLC20260227111544.0740404s1954 xx 000 0 eng  al 54000145  a(OCoLC)848828 aDLCcNhDdDLC00aZ7963.E7bU4751 aUnited States.bWomen's Bureau.10aBibliography on employment problems of older women;bhiring restrictions, psychological barriers, work performancec[by Jean A. Wells] aWashingtonb[U.S. Govt. Print. Off.]c1954. a89p.c24cm. aCover title. aBibliography: p. 89. 0aOlder womenxEmploymentvBibliography.1 aWells, Jean A.q(Jean Alice),d1918- c36855d36855